| 000 | 00413nam a2200157 a 4500 | ||
|---|---|---|---|
| 001 | 28939 | ||
| 005 | 20180713231916.0 | ||
| 008 | 140415s1978 mx 000 0 spa d | ||
| 041 | _aspa | ||
| 082 |
_a972.0612 _bDEL |
||
| 245 | 0 | 3 | _aDE COMO VINO HUERTA Y COMO SE FUE |
| 250 | _a1a ed. | ||
| 260 |
_aMEXICO : _bEDICIONES EL CABALLITO, _c1978 |
||
| 300 |
_a410 _c12 x 3 x 14 |
||
| 650 | 1 | 4 | _aHISTORIA |
| 999 |
_c28939 _d28939 |
||